Форма правления каждой страны мира - Statistics

General Stats
  • This quiz has been taken 36 times
  • The average score is 133 of 196
Answer Stats
Страна Форма правления % Correct
Катар | Оман абсолютная монархия
90%
Австрия федеративная парламентская республика
81%
Азербайджан | Габон | Джибути | Чад президентская республика в условиях наследственного авторитарного режима
81%
Албания | Армения | Бангладеш | +36 others парламентская республика
81%
Ангола | Аргентина | Бенин | +49 others президентская республика
81%
Беларусь | Камерун | Таджикистан | +2 others президентская республика в условиях авторитарной диктатуры
81%
Буркина-Фасо | Гвинея | Мьянма | +2 others президентская республика в условиях военной диктатуры
81%
Вьетнам однопартийная социалистическая парламентская республика
81%
Гаити | Сирия президентская республика под властью временного правительства
81%
Китай полуторапартийная парламентская республика в условиях авторитарной диктатуры
81%
Корейская Народно-Демократическая Республика однопартийная парламентская республика в условиях наследственной тоталитарной диктатуры
81%
Лаос однопартийная парламентская республика
81%
Ливия парламентская республика в нестабильном состоянии
81%
Мадагаскар президентская республика под властью стратократического временного правительства
81%
Никарагуа социалистическая президентская республика в условиях авторитарной диктатуры
81%
Сингапур авторитарная полуторапартийная парламентская республика
81%
Сомали президентская республика в условиях распавшегося государства
81%
Того парламентская республика в условиях наследственного авторитарного режима
81%
Туркменистан президентская республика в условиях наследственной тоталитарной диктатуры
81%
Швейцария | Эфиопия парламентская республика в условиях прямой демократии
81%
Экваториальная Гвинея однопартийная президентская республика в условиях наследственной тоталитарной диктатуры
81%
Эритрея однопартийная президентская республика в условиях тоталитарной диктатуры
81%
Австралия | Антигуа и Барбуда | Багамские острова | +23 others конституционная монархия
76%
Бурунди | Восточный Тимор | Демократическая Республика Конго | +5 others смешанная республика
57%
Египет смешанная республика в условиях централизованной авторитарной военной диктатуры
57%
Куба однопартийная смешанная республика
57%
Мали смешанная республика в условиях военной диктатуры
57%
Россия смешанная республика в условиях авторитарной диктатуры
57%
Андорра | Великобритания | Япония парламентская монархия
52%
Камбоджа выборная парламентская монархия в условиях однопартийной авторитарной наследственной диктатуры
52%
Малайзия выборная парламентская монархия
52%
Иран исламская республика в условиях авторитарной диктатуры
24%
Пакистан исламская парламентская республика
24%
Бахрейн | Иордания | Кувейт | +4 others дуалистическая монархия
14%
Бруней | Саудовская Аравия абсолютная теократическая монархия
14%
Ватикан выборная абсолютная теократическая монархия
14%
Индия | Непал федеративная парламентская республика
10%
Алжир | Литва | Намибия | +5 others президентско-парламентская республика
5%
Афганистан теократический исламский эмират в условиях однопартийной тоталитарной диктатуры
5%
Венесуэла федеративная президентская республика в условиях централизованной авторитарной диктатуры
5%
Коморские острова | Мексика | Нигерия | Федеративные Штаты Микронезии федеративная президентская республика
5%
No matching quizzes found
Score Distribution
Percent of People with Each Score
Percentile by Number Answered
Your Score History
You have not taken this quiz